Devsis: the preliminary design of an international information system for the development sciences (Record no. 851)

MARC details
000 -LEADER
fixed length control field 00483nam a2200145Ia 4500
020 ## - INTERNATIONAL STANDARD BOOK NUMBER
ISBN 0-88936-084-7
082 ## - DEWEY DECIMAL CLASSIFICATION NUMBER
Classification number RR 025.04 DEV-
245 #0 - TITLE STATEMENT
Title Devsis: the preliminary design of an international information system for the development sciences
260 ## - PUBLICATION, DISTRIBUTION, ETC. (IMPRINT)
Place of publication Ottawa
Name of publisher International Development Research Centr
Year of publication 1976
300 ## - PHYSICAL DESCRIPTION
Number of Pages 247p.
504 ## - BIBLIOGRAPHY, ETC. NOTE
Bibliography, etc Includes index
650 ## - SUBJECT ADDED ENTRY--TOPICAL TERM
Topical Term Information storage and retrieval systems
650 ## - SUBJECT ADDED ENTRY--TOPICAL TERM
Topical Term Devis (International retrieval system)
942 ## - ADDED ENTRY ELEMENTS (KOHA)
Koha item type Books
Holdings
Withdrawn status Lost status Damaged status Not for loan Home library Current library Date acquired Bill Date Full call number Accession Number Price effective from Koha item type
        NASSDOC Library NASSDOC Library 08/06/2004 2004-10-22 RR 025.04 DEV- 26349 18/04/2019 Books